000 00325 a2200145 4500
001 152961
040 _cEscola São Tomás de Aquino
100 _aSANDRONI, Paula
240 1 0 _aA casa dos bichos
_lpor
245 1 0 _aA casa dos bichos
362 0 _a2006
440 1 _aGlobal
697 _a*LITERATURA INFANTO
942 _cBK
999 _c152961
_d152961